[Event "GER-ch Net blitz qual2"]
[Site "Playchess.com INT"]
[Date "2021.05.04"]
[Round "5"]
[White "Schoeneberg, Manfred"]
[Black "Darwiesh, Willi"]
[Result "0-1"]
[WhiteElo "1836"]
[BlackElo "1632"]
[PlyCount "120"]
[EventDate "2021.05.04"]
[EventType "swiss (blitz)"]
[EventRounds "11"]
[EventCountry "GER"]
[SourceTitle "CBM 202 Extra"]
[Source "ChessBase"]
[SourceDate "2021.07.31"]
[SourceVersion "1"]
[SourceVersionDate "2021.07.31"]
[SourceQuality "1"]

1. e4 c6 2. d4 d5 3. Nc3 dxe4 4. Nxe4 Bf5 5. Ng3 Bg6 6. h4 h6 7. Nf3 Nd7 8. h5 Bh7 9. Bd3 Bxd3 10. Qxd3 Ngf6 11. Bd2 e6 12. 0-0-0 Qc7 13. Ne4 Nxe4 14. Qxe4 Nf6 15. Qe2 0-0-0 16. c3 c5 17. Kb1 c4 18. Ne5 b5 19. Bf4 Nd5 20. Bg3 Bd6 21. Rhe1 a5 22. Qf3 Rhf8 23. Qg4 b4 24. Nxf7 Qxf7 25. Rxe6 Kc7 26. Rxd6 Rxd6 27. Re1 Nf4 28. Re4 Rf6 29. f3 bxc3 30. bxc3 Kc6 31. Bxf4 Rxf4 32. Re6+ Kc7 33. Qh3 Qf5+ 34. Qxf5 R4xf5 35. Re7+ Kd6 36. Rxg7 Rxh5 37. Rg6+ Kd5 38. Kb2 Rh2 39. Ka3 Ra8 40. Ka4 h5 41. Rg5+ Kd6 42. Kb5 h4 43. Rg6+ Ke7 44. d5 h3 45. Rg7+ Kf6 46. Rh7 Rxg2 47. Rxh3 Rxa2 48. d6 Rd2 49. Kc6 a4 50. Rh6+ Kg5 51. Rh7 a3 52. Rh1 a2 53. Ra1 Kf6 54. f4 Ke6 55. f5+ Kxf5 56. d7 Ke6 57. Kb7 Rd8 58. Rxa2 Rxa2 59. Kc6 Rxd7 60. Kc5 Ra8 0-1

[Event "WchT Seniors 65"]
[Site "Prague"]
[Date "2020.03.10"]
[Round "5.2"]
[White "Schoeneberg, Manfred"]
[Black "Spacek, Petr"]
[Result "0-1"]
[WhiteElo "2144"]
[BlackElo "2333"]
[PlyCount "70"]
[EventDate "2020.03.06"]
[EventType "team-swiss"]
[EventRounds "7"]
[EventCountry "CZE"]
[SourceTitle "CBM 195 Extra"]
[Source "ChessBase"]
[SourceDate "2020.05.31"]
[SourceVersion "1"]
[SourceVersionDate "2020.05.31"]
[SourceQuality "1"]
[WhiteTeam "Germany 65 IV"]
[BlackTeam "Czech Republic 65"]
[WhiteTeamCountry "GER"]
[BlackTeamCountry "CZE"]

1. e4 d6 2. d4 Nf6 3. Nc3 c6 4. Nf3 Bg4 5. Be2 e6 6. 0-0 Be7 7. Be3 0-0 8. h3 Bh5 9. a4 d5 10. e5 Nfd7 11. Nd2 Bg6 12. Nb3 c5 13. Nxc5 Nxc5 14. dxc5 Nc6 15. Nb5 Nxe5 16. Nd4 Nc4 17. Bxc4 dxc4 18. c6 Qd5 19. cxb7 Qxb7 20. Qe2 Rac8 21. Rfc1 Rfd8 22. Ra2 Rd7 23. Nf3 Bf6 24. Bg5 Bxb2 25. Rb1 c3 26. Ne5 Rd4 27. Nxg6 hxg6 28. Qb5 Qe4 29. Be3 Qxc2 30. Raxb2 cxb2 31. Rxb2 Rd1+ 32. Kh2 Qc7+ 33. g3 Qc3 34. Qe2 Ra1 35. Rb7 Qc6 0-1

[Event "WchT Seniors 65"]
[Site "Prague"]
[Date "2020.03.09"]
[Round "4.3"]
[White "Shevelev, Arkady"]
[Black "Schoeneberg, Manfred"]
[Result "1/2-1/2"]
[WhiteElo "2278"]
[BlackElo "2144"]
[PlyCount "80"]
[EventDate "2020.03.06"]
[EventType "team-swiss"]
[EventRounds "7"]
[EventCountry "CZE"]
[SourceTitle "CBM 195 Extra"]
[Source "ChessBase"]
[SourceDate "2020.05.31"]
[SourceVersion "1"]
[SourceVersionDate "2020.05.31"]
[SourceQuality "1"]
[WhiteTeam "Israel 65"]
[BlackTeam "Germany 65 IV"]
[WhiteTeamCountry "ISR"]
[BlackTeamCountry "GER"]

1. e4 c5 2. Nf3 e6 3. d4 cxd4 4. Nxd4 Nf6 5. Nc3 d6 6. Be2 Be7 7. 0-0 0-0 8. Be3 a6 9. a4 Nc6 10. Nb3 b6 11. f4 Bb7 12. Bf3 Qc7 13. Qe2 Nd7 14. Qf2 Rac8 15. Rad1 Nc5 16. Nd4 Nxd4 17. Bxd4 e5 18. Be3 exf4 19. Bxf4 Rcd8 20. Qg3 Ne6 21. Be3 Bf6 22. Nd5 Bxd5 23. exd5 Be5 24. Qf2 Nc5 25. b3 f5 26. Kh1 Qe7 27. Qd2 h6 28. Bg1 Qh4 29. Qe1 Qxe1 30. Rdxe1 a5 31. g4 fxg4 32. Bxg4 Rxf1 33. Rxf1 Rf8 34. Rxf8+ Kxf8 35. Kg2 Ke7 36. Bf3 Kf6 37. Bf2 Kf5 38. h3 g5 39. Bg4+ Ke4 40. Bf3+ Kf5 1/2-1/2

[Event "WchT Seniors 65"]
[Site "Prague"]
[Date "2020.03.07"]
[Round "2.5"]
[White "Schoeneberg, Manfred"]
[Black "Lynch, Peter J"]
[Result "1-0"]
[WhiteElo "2144"]
[BlackElo "1645"]
[PlyCount "63"]
[EventDate "2020.03.06"]
[EventType "team-swiss"]
[EventRounds "7"]
[EventCountry "CZE"]
[SourceTitle "CBM 195 Extra"]
[Source "ChessBase"]
[SourceDate "2020.05.31"]
[SourceVersion "1"]
[SourceVersionDate "2020.05.31"]
[SourceQuality "1"]
[WhiteTeam "Germany 65 IV"]
[BlackTeam "Ireland 65"]
[WhiteTeamCountry "GER"]
[BlackTeamCountry "IRL"]

1. e4 c5 2. Nf3 d6 3. d4 cxd4 4. Qxd4 Nc6 5. Bb5 Bd7 6. Bxc6 Bxc6 7. Nc3 e6 8. Bg5 Qc7 9. 0-0-0 f6 10. Be3 a6 11. Qb6 Rc8 12. Qxc7 Rxc7 13. Nd4 Kf7 14. Nxc6 Rxc6 15. f4 Ne7 16. g4 Nc8 17. f5 e5 18. h4 Nb6 19. Bxb6 Rxb6 20. g5 Rc6 21. Rh3 h5 22. g6+ Ke8 23. Nd5 Be7 24. Rb3 b5 25. a4 Rc5 26. axb5 axb5 27. Ra3 Bd8 28. Ra7 Rg8 29. Rd3 Rc4 30. Rb3 Ra4 31. Rxa4 bxa4 32. Rb7 1-0

[Event "WchT Seniors 65"]
[Site "Prague"]
[Date "2020.03.06"]
[Round "1.13"]
[White "Henrichsen, Erland"]
[Black "Schoeneberg, Manfred"]
[Result "1/2-1/2"]
[WhiteElo "1901"]
[BlackElo "2144"]
[PlyCount "31"]
[EventDate "2020.03.06"]
[EventType "team-swiss"]
[EventRounds "7"]
[EventCountry "CZE"]
[SourceTitle "CBM 195 Extra"]
[Source "ChessBase"]
[SourceDate "2020.05.31"]
[SourceVersion "1"]
[SourceVersionDate "2020.05.31"]
[SourceQuality "1"]
[WhiteTeam "Norway 65 II"]
[BlackTeam "Germany 65 IV"]
[WhiteTeamCountry "NOR"]
[BlackTeamCountry "GER"]

1. d4 Nf6 2. Bf4 d5 3. e3 e6 4. Nf3 c5 5. c3 Nc6 6. Nbd2 Be7 7. Bd3 0-0 8. Ne5 Nxe5 9. Bxe5 b6 10. Qf3 Ne8 11. Qh3 g6 12. Nf3 Bf6 13. Qg3 Bxe5 14. Nxe5 Qc7 15. Bb5 f6 16. Nd3 1/2-1/2

[Event "WchT Seniors 50"]
[Site "Dresden"]
[Date "2018.07.14"]
[Round "8.2"]
[White "Hebden, Mark"]
[Black "Schoeneberg, Manfred"]
[Result "1-0"]
[WhiteElo "2423"]
[BlackElo "2199"]
[PlyCount "175"]
[EventDate "2018.07.07"]
[EventType "team-swiss"]
[EventRounds "9"]
[EventCountry "GER"]
[SourceTitle "CBM 185 Extra"]
[Source "ChessBase"]
[SourceDate "2018.07.29"]
[SourceVersion "1"]
[SourceVersionDate "2018.07.29"]
[SourceQuality "1"]
[WhiteTeam "England"]
[BlackTeam "Leipzig Schachfreunde"]
[WhiteTeamCountry "ENG"]
[BlackTeamCountry "GER"]

1. d4 Nf6 2. Nf3 e6 3. e3 b6 4. Bd3 Bb7 5. 0-0 Be7 6. c4 0-0 7. Nc3 d5 8. cxd5 exd5 9. b3 Nbd7 10. Bb2 a6 11. Rc1 Bd6 12. Ne2 Re8 13. Ng3 g6 14. Qc2 Rc8 15. Rfd1 Qe7 16. Qe2 Ne4 17. Rc2 Ra8 18. Rdc1 c5 19. dxc5 Nexc5 20. Qd1 Ne4 21. Bxe4 dxe4 22. Nd4 Bxg3 23. hxg3 Nc5 24. Ba3 Rac8 25. Qg4 Qd7 26. Qxd7 Nxd7 27. Bd6 Rxc2 28. Rxc2 Rc8 29. Bc7 Bd5 30. g4 f6 31. Kf1 Kf7 32. Ke2 b5 33. f4 exf3+ 34. gxf3 Ne5 35. Bxe5 Rxc2+ 36. Nxc2 fxe5 37. e4 Be6 38. g5 Kg7 39. Nb4 a5 40. Nc6 a4 41. bxa4 bxa4 42. a3 h5 43. gxh6+ Kxh6 44. Nxe5 Kg5 45. Ke3 Kf6 46. Nd3 Bd7 47. f4 Be8 48. Ne5 Ke6 49. Kd4 Kd6 50. Nc4+ Kc6 51. Nd2 Kd6 52. Nf3 Bc6 53. Ng5 Be8 54. Kc4 Bc6 55. Kb4 Be8 56. Nf3 Bc6 57. Nd2 Be8 58. Nc4+ Ke6 59. Kc5 Ke7 60. Ne5 Ke6 61. Nf3 Ke7 62. Kd5 Bf7+ 63. Ke5 Bb3 64. Nd4 Bd1 65. Nb5 Bb3 66. Nc3 Bc2 67. Nd5+ Kd7 68. Ne3 Bd3 69. Kd5 Ke7 70. Nc4 Kf6 71. Ne5 Bc2 72. Nd7+ Ke7 73. Nc5 Bb3+ 74. Kd4 Bd1 75. e5 Bc2 76. Kc3 Bd1 77. Kd2 Bg4 78. Nxa4 g5 79. Ke3 Ke6 80. Nc5+ Kf5 81. fxg5 Kxe5 82. a4 Bc8 83. a5 Kf5 84. Kd4 Kxg5 85. Ke5 Kg6 86. Kd6 Bh3 87. a6 Kf7 88. Nb7 1-0

[Event "WchT Seniors 50"]
[Site "Dresden"]
[Date "2018.07.12"]
[Round "6.6"]
[White "Schulenburg, Bernd"]
[Black "Schoeneberg, Manfred"]
[Result "1-0"]
[WhiteElo "2152"]
[BlackElo "2199"]
[PlyCount "125"]
[EventDate "2018.07.07"]
[EventType "team-swiss"]
[EventRounds "9"]
[EventCountry "GER"]
[SourceTitle "CBM 185 Extra"]
[Source "ChessBase"]
[SourceDate "2018.07.29"]
[SourceVersion "1"]
[SourceVersionDate "2018.07.29"]
[SourceQuality "1"]
[WhiteTeam "Magdeburg TU"]
[BlackTeam "Leipzig Schachfreunde"]
[WhiteTeamCountry "GER"]
[BlackTeamCountry "GER"]

1. e4 c5 2. Nf3 a6 3. d4 cxd4 4. Nxd4 e5 5. Nf3 Nf6 6. Nc3 Bb4 7. Qd3 d5 8. Bg5 d4 9. 0-0-0 Nc6 10. Nd5 Be6 11. Qb3 b5 12. Nxe5 Nxe5 13. Bxf6 gxf6 14. Qxb4 Bxd5 15. exd5 Qxd5 16. Rxd4 Qe6 17. Qb3 Rc8 18. Be2 Nc6 19. Rd2 0-0 20. Rhd1 Rfe8 21. Bf3 Qxb3 22. axb3 Ne5 23. Bd5 a5 24. c3 Kf8 25. Rd4 Re7 26. Kd2 Rce8 27. h3 Nd7 28. Bc6 Nc5 29. Kc2 Re2+ 30. R1d2 Rxd2+ 31. Rxd2 Rb8 32. Rd5 Ne6 33. Rxb5 Rc8 34. Rb6 Ke7 35. Be4 f5 36. Bd3 Rg8 37. g3 f4 38. Bxh7 fxg3 39. fxg3 Rxg3 40. Bf5 Ng7 41. Rb5 Nxf5 42. Rxf5 Rxh3 43. Rxa5 Rh2+ 44. Kd3 Rxb2 45. b4 Ke6 46. Ra8 Ke7 47. Ke4 Rb3 48. Ra7+ Ke6 49. Ra6+ Ke7 50. Kd4 f5 51. Rc6 Rb1 52. Ke5 Re1+ 53. Kxf5 Kd7 54. Rc5 Kd6 55. c4 Rf1+ 56. Ke4 Re1+ 57. Kd3 Rh1 58. Rd5+ Kc6 59. Re5 Rh3+ 60. Re3 Rh6 61. Kd4 Rd6+ 62. Kc3 Rh6 63. b5+ 1-0

[Event "WchT Seniors 50"]
[Site "Dresden"]
[Date "2018.07.09"]
[Round "3.8"]
[White "Schnegelsberg, Karl Heinz"]
[Black "Schoeneberg, Manfred"]
[Result "1/2-1/2"]
[WhiteElo "2042"]
[BlackElo "2199"]
[PlyCount "125"]
[EventDate "2018.07.07"]
[EventType "team-swiss"]
[EventRounds "9"]
[EventCountry "GER"]
[SourceTitle "CBM 185 Extra"]
[Source "ChessBase"]
[SourceDate "2018.07.29"]
[SourceVersion "1"]
[SourceVersionDate "2018.07.29"]
[SourceQuality "1"]
[WhiteTeam "Hessen"]
[BlackTeam "Leipzig Schachfreunde"]
[WhiteTeamCountry "GER"]
[BlackTeamCountry "GER"]

1. Nf3 Nf6 2. g3 g6 3. d3 Bg7 4. e4 d6 5. Bg2 0-0 6. 0-0 c5 7. Nbd2 Nc6 8. Nc4 Bg4 9. h3 Be6 10. Nfd2 d5 11. Ne3 d4 12. Nec4 b5 13. Na3 a6 14. f4 Rc8 15. Kh2 c4 16. e5 Nd7 17. dxc4 b4 18. Nab1 Nb6 19. b3 d3 20. Bb2 dxc2 21. Qxc2 Qc7 22. Nf3 Rfd8 23. Nbd2 a5 24. Ne4 a4 25. Rad1 h6 26. Rfe1 Bf5 27. Qe2 axb3 28. axb3 Ra8 29. Ra1 Rac8 30. Qe3 Bxe4 31. Qxe4 e6 32. Nd4 Nxd4 33. Bxd4 Bf8 34. g4 Bc5 35. Be3 Nd7 36. Red1 Kg7 37. Bc1 Nb6 38. Bb2 Rxd1 39. Rxd1 Rd8 40. Rd6 Kh7 41. Rc6 Qe7 42. f5 Rd2 43. f6 Qd7 44. Rxc5 Rxb2 45. Rb5 Nd5 46. Qd4 Re2 47. Rxb4 Nxf6 48. c5 Qc6 49. Qg1 Nd5 50. Re4 Rd2 51. Kh1 Nc3 52. Re1 Nd5 53. b4 Qa4 54. Rc1 Qa3 55. Qe1 Rxg2 56. Kxg2 Nf4+ 57. Kg1 Qxh3 58. Qf2 Qxg4+ 59. Kf1 Qh3+ 60. Kg1 Qg4+ 61. Kf1 Qh3+ 62. Kg1 Qg4+ 63. Kf1 1/2-1/2

[Event "Oberliga Ost-A 1617"]
[Site "Germany"]
[Date "2017.03.19"]
[Round "8.3"]
[White "Schoeneberg, Manfred"]
[Black "Melamed, Tatiana"]
[Result "0-1"]
[WhiteElo "2245"]
[BlackElo "2318"]
[PlyCount "108"]
[EventDate "2016.10.16"]
[EventType "team-tourn"]
[EventRounds "11"]
[EventCountry "GER"]
[SourceTitle "EXT 2018"]
[Source "ChessBase"]
[SourceDate "2017.10.13"]
[SourceVersion "1"]
[SourceVersionDate "2017.10.13"]
[SourceQuality "1"]
[WhiteTeam "Leipzig SG II"]
[BlackTeam "Magdeburg Aufbau Elbe"]
[WhiteTeamCountry "GER"]
[BlackTeamCountry "GER"]

1. e4 c5 2. Nf3 e6 3. d4 cxd4 4. Nxd4 Bc5 5. Nb3 Bb6 6. Bd3 Ne7 7. Nc3 0-0 8. 0-0 Nbc6 9. Kh1 f5 10. exf5 Nxf5 11. Ne2 d5 12. Bxf5 Rxf5 13. Ned4 Rf7 14. Be3 e5 15. Nxc6 bxc6 16. Bxb6 axb6 17. f3 Qf6 18. Re1 Ra4 19. Nd2 Rh4 20. Qe2 Qh6 21. g3 Rh3 22. Nf1 Qh5 23. f4 exf4 24. Qxh5 Rxh5 25. Re8+ Rf8 26. Rxf8+ Kxf8 27. gxf4 Rf5 28. Kg2 Rxf4 29. Nd2 Bf5 30. c3 Kf7 31. a4 Rg4+ 32. Kf2 Rf4+ 33. Kg2 Bc2 34. b4 c5 35. bxc5 bxc5 36. a5 Ra4 37. Rxa4 Bxa4 38. a6 Bc6 39. Nf3 Ke6 40. Kg3 Kd6 41. Kf4 Kc7 42. Ne5 Bb5 43. a7 Kb7 44. Nf7 Kxa7 45. Ng5 Bd3 46. Ne6 Kb6 47. Ke5 Kb5 48. Nc7+ Kc4 49. Nxd5 Kb3 50. Kd6 c4 51. Ke5 g5 52. Kd4 h5 53. Ke3 Kc2 54. h4 gxh4 0-1

[Event "Oberliga Ost-A 1617"]
[Site "Germany"]
[Date "2016.12.04"]
[Round "4.3"]
[White "Waechter, Nathalie"]
[Black "Schoeneberg, Manfred"]
[Result "1/2-1/2"]
[WhiteElo "1974"]
[BlackElo "2245"]
[PlyCount "49"]
[EventDate "2016.10.16"]
[EventType "team-tourn"]
[EventRounds "11"]
[EventCountry "GER"]
[SourceTitle "EXT 2018"]
[Source "ChessBase"]
[SourceDate "2017.10.13"]
[SourceVersion "1"]
[SourceVersionDate "2017.10.13"]
[SourceQuality "1"]
[WhiteTeam "Magdeburg Rochade"]
[BlackTeam "Leipzig SG II"]
[WhiteTeamCountry "GER"]
[BlackTeamCountry "GER"]

1. d4 Nf6 2. c4 d6 3. Nc3 Nbd7 4. Nf3 c6 5. e4 e5 6. Be2 Be7 7. 0-0 0-0 8. a3 a5 9. Bg5 exd4 10. Nxd4 Nc5 11. Re1 Re8 12. Bf3 Ne6 13. Be3 Nxd4 14. Bxd4 Be6 15. Be2 Nd7 16. Qc2 Qc7 17. f4 Bf6 18. Bf2 Bxc3 19. Qxc3 f6 20. Rad1 Bf7 21. Bg4 Rad8 22. Bh4 Qb6+ 23. Bf2 Qc7 24. Bh4 Qb6+ 25. Bf2 1/2-1/2

[Event "WchT Seniors 65"]
[Site "Radebeul"]
[Date "2016.07.03"]
[Round "8.1"]
[White "Schoeneberg, Manfred"]
[Black "Zhelnin, Vladimir V"]
[Result "1/2-1/2"]
[WhiteElo "2245"]
[BlackElo "2455"]
[PlyCount "74"]
[EventDate "2016.06.26"]
[EventType "team-swiss"]
[EventRounds "9"]
[EventCountry "GER"]
[SourceTitle "CBM 173 Extra"]
[Source "ChessBase"]
[SourceDate "2016.08.29"]
[SourceVersion "1"]
[SourceVersionDate "2016.08.29"]
[SourceQuality "1"]
[WhiteTeam "Leipzig Schachfreunde"]
[BlackTeam "Russia 65+"]
[WhiteTeamCountry "GER"]
[BlackTeamCountry "RUS"]

1. Nf3 Nf6 2. g3 g6 3. Bg2 Bg7 4. 0-0 0-0 5. c4 d6 6. d4 Nbd7 7. Nc3 e5 8. e4 c6 9. b3 Ne8 10. dxe5 Qa5 11. Bb2 dxe5 12. a3 f5 13. b4 Qd8 14. c5 Qe7 15. exf5 gxf5 16. Re1 e4 17. Qb3+ Kh8 18. Rad1 Ndf6 19. Nd4 Nc7 20. f3 e3 21. Bc1 f4 22. gxf4 Ncd5 23. Nxd5 Nxd5 24. Bxe3 Nxe3 25. Qxe3 Qf6 26. f5 Bxf5 27. Nxf5 Qxf5 28. Qe4 Qf7 29. Qe6 Bb2 30. Rd7 Qxe6 31. Rxe6 Rfd8 32. Ree7 Rxd7 33. Rxd7 Bxa3 34. Rxb7 a5 35. bxa5 Bxc5+ 36. Kf1 Rxa5 37. f4 Ra2 1/2-1/2

[Event "WchT Seniors 65"]
[Site "Radebeul"]
[Date "2016.06.27"]
[Round "2.3"]
[White "Weinwurm, Wolfgang"]
[Black "Schoeneberg, Manfred"]
[Result "0-1"]
[WhiteElo "2172"]
[BlackElo "2245"]
[PlyCount "62"]
[EventDate "2016.06.26"]
[EventType "team-swiss"]
[EventRounds "9"]
[EventCountry "GER"]
[SourceTitle "CBM 173 Extra"]
[Source "ChessBase"]
[SourceDate "2016.08.29"]
[SourceVersion "1"]
[SourceVersionDate "2016.08.29"]
[SourceQuality "1"]
[WhiteTeam "Niederoesterreich"]
[BlackTeam "Leipzig Schachfreunde"]
[WhiteTeamCountry "AUT"]
[BlackTeamCountry "GER"]

1. e4 c5 2. Nf3 e6 3. d4 cxd4 4. Nxd4 a6 5. Nc3 Qc7 6. Qf3 Nc6 7. Be3 Nf6 8. 0-0-0 Bb4 9. Nxc6 Bxc3 10. Nd4 Bb4 11. Kb1 Be7 12. g4 h6 13. Rg1 d6 14. h4 h5 15. g5 Ng4 16. Bh3 Nxe3 17. Qxe3 g6 18. f4 e5 19. Ne2 0-0 20. f5 b5 21. Ng3 d5 22. Rxd5 Bb7 23. Nxh5 Bxd5 24. Nf6+ Bxf6 25. gxf6 Qa7 26. Qxa7 Rxa7 27. exd5 Rd7 28. fxg6 Rxd5 29. g7 Rfd8 30. Bg4 Rd4 31. Be2 Rxh4 0-1

[Event "Loeberitz Ehrenpreis 5th"]
[Site "Loeberitz"]
[Date "2016.06.19"]
[Round "5"]
[White "Schoeneberg, Manfred"]
[Black "Bastian, Herbert"]
[Result "1/2-1/2"]
[WhiteElo "2226"]
[BlackElo "2328"]
[PlyCount "23"]
[EventDate "2016.06.17"]
[EventType "tourn"]
[EventRounds "5"]
[EventCountry "GER"]
[EventCategory "7"]
[SourceTitle "EXT 2017"]
[Source "ChessBase"]
[SourceDate "2016.10.25"]
[SourceVersion "1"]
[SourceVersionDate "2016.10.25"]
[SourceQuality "1"]

1. e4 e5 2. Nf3 Nc6 3. Bb5 Nf6 4. 0-0 Nxe4 5. d4 Be7 6. Qe2 Nd6 7. Bxc6 bxc6 8. dxe5 Nb7 9. c4 0-0 10. Nc3 Nc5 11. Rd1 Ne6 12. b3 1/2-1/2

[Event "Loeberitz Ehrenpreis 5th"]
[Site "Loeberitz"]
[Date "2016.06.18"]
[Round "4"]
[White "Naumann, Alexander"]
[Black "Schoeneberg, Manfred"]
[Result "1-0"]
[WhiteElo "2549"]
[BlackElo "2226"]
[PlyCount "73"]
[EventDate "2016.06.17"]
[EventType "tourn"]
[EventRounds "5"]
[EventCountry "GER"]
[EventCategory "7"]
[SourceTitle "EXT 2017"]
[Source "ChessBase"]
[SourceDate "2016.10.25"]
[SourceVersion "1"]
[SourceVersionDate "2016.10.25"]
[SourceQuality "1"]

1. d4 Nf6 2. c4 d6 3. Nf3 Nbd7 4. Nc3 c6 5. e4 e5 6. g3 Be7 7. Bg2 0-0 8. 0-0 Re8 9. Qc2 Qc7 10. h3 Bf8 11. Be3 a5 12. Rfe1 exd4 13. Nxd4 Nc5 14. Rad1 Bd7 15. f4 h6 16. Bf2 Rad8 17. b3 Bc8 18. Re2 g6 19. Red2 Qe7 20. Re1 Qc7 21. g4 Bg7 22. Nf3 Nfd7 23. Rde2 Ne6 24. Bg3 Qb6+ 25. Kh2 Nd4 26. Nxd4 Qxd4 27. Na4 Qa7 28. Rd1 b5 29. Nc3 bxc4 30. bxc4 Qc5 31. Na4 Qa7 32. Rxd6 Qc7 33. e5 Bb7 34. Red2 g5 35. e6 gxf4 36. exf7+ Kxf7 37. Bxf4 1-0

[Event "Loeberitz Ehrenpreis 5th"]
[Site "Loeberitz"]
[Date "2016.06.18"]
[Round "2"]
[White "Timman, Jan H"]
[Black "Schoeneberg, Manfred"]
[Result "1-0"]
[WhiteElo "2562"]
[BlackElo "2226"]
[PlyCount "55"]
[EventDate "2016.06.17"]
[EventType "tourn"]
[EventRounds "5"]
[EventCountry "GER"]
[EventCategory "7"]
[SourceTitle "EXT 2017"]
[Source "ChessBase"]
[SourceDate "2016.10.25"]
[SourceVersion "1"]
[SourceVersionDate "2016.10.25"]
[SourceQuality "1"]

1. e4 c5 2. Nf3 e6 3. d4 cxd4 4. Nxd4 Nc6 5. Nc3 a6 6. Nxc6 bxc6 7. Bd3 d5 8. 0-0 Nf6 9. Re1 Be7 10. e5 Nd7 11. Qg4 g6 12. Bh6 Bf8 13. Qf4 Bxh6 14. Qxh6 Qe7 15. Na4 Rb8 16. c4 d4 17. Qg7 Qf8 18. Qxf8+ Rxf8 19. c5 Kd8 20. Rad1 Kc7 21. Bc4 Rb4 22. b3 Rxa4 23. bxa4 Nxc5 24. Rxd4 Rd8 25. Rxd8 Kxd8 26. a5 Kc7 27. f4 h5 28. Kf2 1-0

[Event "EU-chT Seniors"]
[Site "Vienna"]
[Date "2015.07.19"]
[Round "8.2"]
[White "Schoeneberg, Manfred"]
[Black "Birnboim, Nathan"]
[Result "0-1"]
[WhiteElo "2238"]
[BlackElo "2358"]
[PlyCount "114"]
[EventDate "2015.07.12"]
[EventType "team-swiss"]
[EventRounds "9"]
[EventCountry "AUT"]
[SourceTitle "CBM 167 Extra"]
[Source "ChessBase"]
[SourceDate "2015.09.14"]
[SourceVersion "1"]
[SourceVersionDate "2015.09.14"]
[SourceQuality "1"]
[WhiteTeam "Leipzig Schachfreunde"]
[BlackTeam "Israel"]
[WhiteTeamCountry "GER"]
[BlackTeamCountry "ISR"]

1. e4 c5 2. Nf3 Nc6 3. Bb5 g6 4. 0-0 Bg7 5. c3 Nf6 6. e5 Nd5 7. d4 cxd4 8. cxd4 0-0 9. Nc3 Nxc3 10. bxc3 d5 11. exd6 Qxd6 12. a4 Qc7 13. Ba3 Bg4 14. Re1 Rfc8 15. Rc1 e6 16. d5 exd5 17. Qxd5 Rd8 18. Qe4 Bxf3 19. Qxf3 Ne5 20. Qg3 Rac8 21. Rcd1 a6 22. Bf1 h5 23. Rxd8+ Rxd8 24. Bc1 Qc5 25. h3 Rc8 26. Bf4 Nc6 27. c4 Qb4 28. Rc1 Qxa4 29. Rb1 Rd8 30. Qf3 Rd7 31. c5 Qa2 32. Rc1 Be5 33. Bc4 Qb2 34. Be3 Nd4 35. Qe4 Nf5 36. Rb1 Nxe3 37. fxe3 Qc3 38. Qxg6+ Kf8 39. Qe4 Re7 40. Qd3 Qxd3 41. Bxd3 Bg3 42. e4 h4 43. Kf1 Rc7 44. Bc4 b5 45. Bd5 Rxc5 46. Ra1 f5 47. Rxa6 fxe4 48. Bb3 Rc3 49. Bd1 Re3 50. Be2 b4 51. Rb6 b3 52. Rb7 Ke8 53. Bb5+ Kd8 54. Rd7+ Kc8 55. Rd1 b2 56. Be2 Kc7 57. Rb1 Rc3 0-1

[Event "EU-chT Seniors"]
[Site "Vienna"]
[Date "2015.07.15"]
[Round "4.2"]
[White "Schoeneberg, Manfred"]
[Black "Mishuchkov, Nikolai Mikhailovic"]
[Result "1/2-1/2"]
[WhiteElo "2238"]
[BlackElo "2320"]
[PlyCount "34"]
[EventDate "2015.07.12"]
[EventType "team-swiss"]
[EventRounds "9"]
[EventCountry "AUT"]
[SourceTitle "CBM 167 Extra"]
[Source "ChessBase"]
[SourceDate "2015.09.14"]
[SourceVersion "1"]
[SourceVersionDate "2015.09.14"]
[SourceQuality "1"]
[WhiteTeam "Leipzig Schachfreunde"]
[BlackTeam "St Petersburg"]
[WhiteTeamCountry "GER"]
[BlackTeamCountry "RUS"]

1. e4 c5 2. Nf3 e6 3. d4 cxd4 4. Nxd4 Nc6 5. Be3 Nf6 6. Nc3 Bb4 7. Bd3 d5 8. exd5 Nxd5 9. Nxc6 bxc6 10. Bd2 Nxc3 11. bxc3 Bd6 12. Qh5 g6 13. Qf3 Bd7 14. 0-0 0-0 15. Rfe1 Re8 16. g3 Qa5 17. Rad1 Rad8 1/2-1/2